Normal view
MARC view
- Er. ARDRA, WILSON (Co-Guide)
Entry Personal Name
001 - CONTROL NUMBER
- control field: 5322
003 - CONTROL NUMBER IDENTIFIER
- control field: OSt
005 - DATE AND TIME OF LATEST TRANSACTION
- control field: 20221130154001.0
008 - FIXED-LENGTH DATA ELEMENTS
- fixed length control field: 221130|| aca||aabn | a|a d
040 ## - CATALOGING SOURCE
- Original cataloging agency: OSt
- Transcribing agency: OSt
100 ## - HEADING--PERSONAL NAME
- Personal name: Er. ARDRA, WILSON (Co-Guide)
670 ## - SOURCE DATA FOUND
- Source citation: Work cat.: (OSt)17591: SHADIYA, ABOOBACKER . P , VYSHNA, K.P KAUSHIK GHATAK SUBASH, BAIRAWA 5321, ASSESMENT OF CHANNEL MIGRATION CHARACTERISTICS OF BHARATHAPUZHA RIVER FROM PALLIPURAM TO PURATHUR REACH USING GIS AND RS, 2022
